Music Quiz

Random Music or Song Quiz
Score 0/76 Timer 17:00
1 Play Today
Time Song Title % Correct
:00A Hard Day's Night
88.5%
:19Come Together
87.5%
:56Eleanor Rigby
80.8%
:35Love Me Do
80.1%
:32Help!
79.3%
:03Back in the U.S.S.R.
76.8%
:23Day Tripper
76.1%
1:14Something
74.4%
3:52Let It Be
72.9%
4:19Here Comes the Sun
72.3%
2:07Lucy in the Sky with Diamonds
71.1%
:14Birthday
69.5%
3:06Lady Madonna
68.4%
1:07Norwegian Wood
64.3%
1:34All My Loving
64.1%
3:41I Want to Hold Your Hand
62%
2:31Ob-La-Di, Ob-La-Da
61.9%
4:33Ticket to Ride
61.1%
:42Sgt. Pepper's Lonely Hearts Club Band
60.6%
:27Drive My Car
59%
3:36Helter Skelter
58.9%
6:13When I'm Sixty-Four
58.9%
5:14Revolution
56.8%
4:38While My Guitar Gently Weeps
56%
6:56Blackbird
55.4%
1:30Across the Universe
55.4%
3:10Octopus's Garden
55.3%
8:26Yesterday
53.9%
2:19Getting Better
53.1%
7:01In My Life
51.5%
2:12You've Got to Hide Your Love Away
50.3%
1:38Glass Onion
50.1%
5:50Girl
49.7%
:46Taxman
49.4%
7:17Get Back
48.5%
7:10The Ballad of John and Yoko
46%
2:51Fixing a Hole
45.3%
1:53If I Fell
44.9%
Time Song Title % Correct
3:46I Want You
44.8%
2:47And I Love Her
43%
7:59A Day in the Life
42.8%
2:59Here, There and Everywhere
41.9%
5:05Good Day Sunshine
41.9%
7:19I've Just Seen a Face
41.9%
3:58She's Leaving Home
39.7%
5:17Happiness Is a Warm Gun
39.4%
4:42Act Naturally
39%
4:53Because
38.9%
5:42And Your Bird Can Sing
38.6%
6:36Lovely Rita
38.4%
6:28I'm Looking Through You
37.3%
8:46Julia
37.1%
8:06Got to Get You Into My Life
36%
8:57The End
34.9%
8:19Rocky Raccoon
34.7%
3:16Sexy Sadie
34.3%
1:03I Should Have Known Better
33.9%
:52Dig a Pony
32.4%
4:26She Said She Said
31.7%
6:16For No One
31.3%
5:28I've Got a Feeling
30.8%
1:19The Night Before
30.7%
7:46Wait
30.7%
5:33Revolution 1
30.5%
3:28Wild Honey Pie
30.3%
7:30Revolution 9
30%
8:11If I Needed Someone
29.1%
4:05Tell Me Why
27.5%
8:35Tomorrow Never Knows
27.4%
6:45Savoy Truffle
27.3%
2:38Rain
27.3%
5:56Honey Pie
26.9%
2:24I'm Happy Just to Dance with You
25.8%
8:32I Feel Fine
25.1%
4:11Till There Was You
24.8%
6:06One After 909
23.2%

You're not logged in!

Compare scores with friends on all Sporcle quizzes.
OR
Log In

Sporcle TV

Today on Sporcle TV


Watch our educational content, quiz creation guides, and fun videos on Sporcle TV.

Show Comments

Extras

Top Quizzes Today


Score Distribution

Paid Content

Your Account Isn't Verified!

In order to create a playlist on Sporcle, you need to verify the email address you used during registration. Go to your Sporcle Settings to finish the process.

Report this User

Report this user for behavior that violates our Community Guidelines.

Details: